La instrucción del sumario y las diligencias previas

Spremljeno u:
Bibliografski detalji
Glavni autor: Martínez Arrieta, Andrés (autor)
Format: Knjiga
Jezik:španjolski
Izdano: Madrid Consejo General del Poder Judicial 1998
Izdanje:1a. ed
Teme:
Oznake: Dodaj oznaku
Bez oznaka, Budi prvi tko označuje ovaj zapis!

MARC

LEADER 00000cam a2200000 a 4500
001 UCC5418
003 CL-VaPUC
008 181005e19980000sp |||||||||||||||||spa|d
020 |a 8489324344 
082 0 4 |a 347.07  |b MAR  |2 21 
100 |a Martínez Arrieta, Andrés  |e autor  |9 599757 
245 1 3 |a La instrucción del sumario y las diligencias previas 
250 |a 1a. ed 
300 |a 328 p 
942 |c BK 
945 |d 20181005 11:02:00  |a dcastane 
260 |a Madrid  |b Consejo General del Poder Judicial  |c 1998 
650 0 |a Derecho procesal civil  |9 258071 
650 7 |a SUMARIO  |2 CL-VaPUC  |9 368476 
650 7 |a JUICIO ORDINARIO  |2 CL-VaPUC  |9 254867 
583 |a last modification  |c 20181005 11:02:00  |k Rodrigo Vera 
999 |c 372667  |d 372665 
952 |0 0  |1 0  |3 erb  |4 0  |6 347_070000000000000_MAR_1998  |7 0  |8 A  |9 490365  |a BIBDER  |b BIBDER  |e Mateluna Arestizabal, Alfredo Sergio  |i 5491835  |o 347.07 MAR 1998  |p 5491835  |r 2023-01-25  |w 2019-11-24  |y BK  |z Catalogado en:20181005  |k DER